00781nam a2200277Ia 4500008004000000041000800040082001800048100002000066245005500086260004000141300001100181650001800192650001100210650000600221650000800227650000800235650000700243650000800250650001300258650000700271650001400278690001900292906001100311999001900322952016200341210210b2016 xxu||||| |||| 00| 0 eng d aeng a954.035K SURV aSURESH RAI (Ke) aVasahatushahi bharata: kri sha 1856-1885 ra varege aMangalurubUnited Publishers,c2016 avi,200 aVasahatushahi avarege aV asha asem ara akri abharata: aBA a1856-1885 aIndian History a073514 c123311d123311 001040708HistoryaALbALcHistoryd2021-02-17eBiblios Book Point, Surathkal-575014g130.00l0o954.035K SURVp073514r2021-02-17 00:00:00w2021-02-17yBK